| 000 | 00569nam a2200193 i 4500 | ||
|---|---|---|---|
| 001 | 185805 | ||
| 003 | ES-MaACL | ||
| 005 | 20251019063057.0 | ||
| 008 | 181211s1945 sp |||| | spa d | ||
| 080 | _a821.161.1-31"18" | ||
| 100 | 1 |
_aDostoievski, Fiódor, _d1821-1881 _9242371 |
|
| 245 | 1 | 3 |
_aLa patrona / _cFiódor Dostoievski ; [traducción de Julio Romero]. |
| 250 | _a1ª ed. | ||
| 260 |
_aBarcelona : _bAlbon, _c1945. |
||
| 300 |
_a163 p. ; _c18 cm. |
||
| 700 | 1 |
_aRomero, Julio. _9165738 |
|
| 852 |
_aES-MaACL _jB-10176 |
||
| 999 |
_c185805 _d185805 |
||